| 000 | 00443nam a2200133Ia 4500 | ||
|---|---|---|---|
| 008 | 171207s9999 xx 000 0 und d | ||
| 100 | _aMartinez, Marissa | ||
| 245 | 2 | _aA Life On Hold: Living With Schizophrenia by J. Mendez-Negrete | |
| 245 | _cMarissa Martinez & Felicia Castro-Villarreal | ||
| 260 | _c2017 | ||
| 300 | _apages 271-273, April-June 2017 | ||
| 440 |
_aJournal of Creativity in Mental Health _v12: |
||
| 650 | _aSchizophrenia | ||
| 999 |
_c347692 _d347692 |
||